[Event "Bengaluru Namma op 2nd"]
[Site "Bengaluru"]
[Date "2025.04.18"]
[Round "10"]
[White "Koustuv, Dash"]
[Black "Rajesh, VAV"]
[Result "0-1"]
[WhiteElo "2131"]
[BlackElo "2331"]
[PlyCount "152"]
[EventDate "2025.04.10"]
[EventType "swiss"]
[EventRounds "10"]
[EventCountry "IND"]
[SourceTitle "CB18_2025"]
[SourceDate "2025.04.30"]
[SourceVersion "1"]
[SourceVersionDate "2025.04.30"]
[SourceQuality "1"]

1. d4 Nf6 2. c4 e6 3. Nc3 Bb4 4. e3 b6 5. Nge2 Bb7 6. a3 Be7 7. d5 exd5 8. cxd5 0-0 9. g3 Re8 10. Bg2 Bf8 11. 0-0 c6 12. e4 Na6 13. b4 cxd5 14. exd5 d6 15. Nd4 Nc7 16. Qb3 h6 17. h3 Qd7 18. Be3 Re5 19. Nc6 Rh5 20. g4 Nxg4 21. hxg4 Qxg4 22. b5 Qh4 23. Rfe1 Bc8 24. Rad1 Ne8 25. Qb4 Qh2+ 26. Kf1 g5 27. Bd4 Bf5 28. Re3 Rh4 29. Ne2 Nf6 30. Qc3 Nh5 31. Ng1 Rg4 32. Bf3 Rxg1+ 33. Ke2 Nf4+ 34. Kd2 Qxf2+ 35. Kc1 Rxd1+ 36. Bxd1 Qf1 37. Bh8 Nxd5 38. Rf3 Nxc3 39. Rxf1 Bd3 40. Rf3 Bxb5 41. Bxc3 Bxc6 42. Rf2 Bd5 43. Kd2 Bg7 44. Bb4 Be5 45. a4 Rc8 46. a5 bxa5 47. Bxa5 Bf4+ 48. Kd3 Kg7 49. Bh5 Be6 50. Bc3+ Be5 51. Bd2 f5 52. Be3 a5 53. Bd1 Rc3+ 54. Kd2 f4 55. Bb6 Bf5 56. Bxa5 Rd3+ 57. Ke2 Ra3 58. Bb4 Ra2+ 59. Ke1 Rxf2 60. Kxf2 g4 61. Be1 Bd4+ 62. Kg2 Be4+ 63. Kh2 g3+ 64. Bxg3 fxg3+ 65. Kxg3 Be3 66. Ba4 d5 67. Bd1 d4 68. Ba4 d3 69. Bb3 Kf6 70. Bd1 Kg5 71. Bb3 h5 72. Bd1 h4+ 73. Kh2 Bf5 74. Kg2 Bg4 75. Bf3 Bxf3+ 76. Kf1 h3 0-1

[Event "Bengaluru Namma op 2nd"]
[Site "Bengaluru"]
[Date "2025.04.11"]
[Round "2"]
[White "Koustuv, Dash"]
[Black "Mehar, Chinna Reddy CH"]
[Result "0-1"]
[WhiteElo "2131"]
[BlackElo "2418"]
[PlyCount "128"]
[EventDate "2025.04.10"]
[EventType "swiss"]
[EventRounds "10"]
[EventCountry "IND"]
[SourceTitle "CB18_2025"]
[SourceDate "2025.04.30"]
[SourceVersion "1"]
[SourceVersionDate "2025.04.30"]
[SourceQuality "1"]

1. d4 Nf6 2. c4 e6 3. Nc3 Bb4 4. e3 0-0 5. Bd2 d5 6. Nf3 b6 7. Rc1 a6 8. Bd3 Bb7 9. 0-0 Bd6 10. cxd5 exd5 11. Ne5 c5 12. Be1 Nc6 13. f4 cxd4 14. Nxc6 Bxc6 15. exd4 Bb7 16. Bh4 Be7 17. Re1 Re8 18. Rc2 Ne4 19. Bxe7 Rxe7 20. Bxe4 dxe4 21. d5 f5 22. Qd4 Qd6 23. g3 b5 24. Nd1 Qxd5 25. Qxd5+ Bxd5 26. Ne3 Be6 27. Rc6 Kf7 28. Rd1 g6 29. Rdd6 Bxa2 30. Rxa6 Rxa6 31. Rxa6 Bc4 32. Rc6 Bd3 33. g4 fxg4 34. Nxg4 Ra7 35. Ne5+ Kg7 36. Rc3 Ra2 37. b3 Rd2 38. Rc7+ Kf6 39. Rd7 g5 40. Nxd3 exd3 41. fxg5+ Kxg5 42. Kf1 Kf4 43. Rxh7 Ke3 44. Ke1 Rb2 45. Re7+ Kd4 46. h4 Rh2 47. Rd7+ Kc3 48. Rc7+ Kxb3 49. Rd7 Rxh4 50. Rxd3+ Kc2 51. Rd2+ Kc3 52. Rd8 b4 53. Kd1 Rh1+ 54. Ke2 b3 55. Rc8+ Kd4 56. Rd8+ Kc3 57. Rc8+ Kb2 58. Kd2 Kb1 59. Rb8 b2 60. Rb7 Rh2+ 61. Kd1 Rh3 62. Ra7 Rd3+ 63. Ke2 Kc2 64. Rb7 Rc3 0-1

[Event "IND-chT 44th"]
[Site "Ahmedabad"]
[Date "2025.03.11"]
[Round "9.1"]
[White "Koustuv, Dash"]
[Black "Nitin, Senthilvel"]
[Result "1/2-1/2"]
[WhiteElo "2095"]
[BlackElo "2349"]
[PlyCount "60"]
[EventDate "2025.03.05"]
[EventType "team-swiss"]
[EventRounds "9"]
[EventCountry "IND"]
[SourceTitle "CB12_2025"]
[SourceDate "2025.03.19"]
[SourceVersion "1"]
[SourceVersionDate "2025.03.19"]
[SourceQuality "1"]
[WhiteTeam "Odisha II"]
[BlackTeam "Railway Sport PB"]
[WhiteTeamCountry "IND"]
[BlackTeamCountry "IND"]

1. d4 Nf6 2. c4 g6 3. Nc3 Bg7 4. Nf3 0-0 5. Bg5 h6 6. Bh4 d6 7. e3 Nbd7 8. Be2 e5 9. Qc2 c6 10. 0-0 Qe7 11. Rfd1 Re8 12. h3 Qf8 13. Rab1 exd4 14. Nxd4 Nc5 15. Bf3 Nh7 16. b4 Ne6 17. Nxe6 Bxe6 18. Bg3 Rad8 19. Be2 f5 20. b5 Ng5 21. Bh2 Qf6 22. Rbc1 Qe7 23. Qa4 Bxc3 24. Rxc3 Ne4 25. Rcc1 Qh4 26. Rf1 Nd2 27. Rfd1 Ne4 28. Rf1 Nd2 29. Rfd1 Ne4 30. Rf1 Nd2 1/2-1/2

[Event "IND-ch 61st"]
[Site "Gurugram"]
[Date "2024.08.27"]
[Round "11"]
[White "Koustuv, Dash"]
[Black "Sethuraman, SP."]
[Result "0-1"]
[WhiteElo "2124"]
[BlackElo "2571"]
[PlyCount "83"]
[EventDate "2024.08.17"]
[EventType "swiss"]
[EventRounds "11"]
[EventCountry "IND"]
[SourceTitle "EXT 2025"]
[Source "ChessBase"]
[SourceDate "2024.10.14"]
[SourceVersion "1"]
[SourceVersionDate "2024.10.14"]
[SourceQuality "1"]

1. d4 Nf6 2. c4 b6 3. Nc3 Bb7 4. d5 e6 5. e4 Bb4 6. Bd3 Bxc3+ 7. bxc3 d6 8. Ne2 Nbd7 9. f3 0-0 10. 0-0 h6 11. Ng3 Ne5 12. Be2 a5 13. f4 Ned7 14. Qd4 e5 15. fxe5 Nxe5 16. Nf5 Bc8 17. g4 Nh7 18. Bf4 Re8 19. Rae1 Ng5 20. Kg2 Bd7 21. h4 Nh7 22. Rh1 Qc8 23. Rh3 a4 24. Rf1 Kh8 25. Bc1 a3 26. Rg3 Ra4 27. g5 h5 28. Qf2 Rf8 29. Be3 g6 30. Bd4 Qe8 31. Nh6 f6 32. Bxh5 gxh5 33. g6 Nxg6 34. Qe2 Ne5 35. Bxe5 Qxe5 36. Nf5 Raa8 37. Qxh5 Rg8 38. Rff3 Bxf5 39. exf5 Qe2+ 40. Kh3 Rxg3+ 41. Kxg3 Rg8+ 42. Kf4 0-1

[Event "IND-ch U17 34th"]
[Site "Chandigarh"]
[Date "2024.07.21"]
[Round "9"]
[White "Mrithyunjay, Mahadevan"]
[Black "Koustuv, Dash"]
[Result "1/2-1/2"]
[WhiteElo "2018"]
[BlackElo "2101"]
[PlyCount "126"]
[EventDate "2024.07.15"]
[EventType "swiss"]
[EventRounds "11"]
[EventCountry "IND"]
[SourceTitle "CBM 221 Extra"]
[Source "ChessBase"]
[SourceDate "2024.09.30"]
[SourceVersion "1"]
[SourceVersionDate "2024.09.30"]
[SourceQuality "1"]

1. c4 c6 2. Nf3 Nf6 3. g3 d5 4. Bg2 Bg4 5. Ne5 Bf5 6. cxd5 cxd5 7. Qa4+ Bd7 8. Nxd7 Qxd7 9. Qxd7+ Kxd7 10. 0-0 Nc6 11. Nc3 e6 12. d3 Bd6 13. Bd2 Rhd8 14. Rac1 Rac8 15. Rfd1 Ke8 16. e4 dxe4 17. dxe4 Bc5 18. Nb5 Nd4 19. Nc3 Nc6 20. Bg5 Ne5 21. Na4 Be7 22. Rxc8 Rxc8 23. h3 Rc2 24. Rc1 Rxc1+ 25. Bxc1 Nd3 26. Be3 a6 27. Bf1 Ne1 28. Bb6 Nxe4 29. Be2 Nf6 30. a3 Nd5 31. Bc5 Bf6 32. Ba7 Kd7 33. Kf1 Nc2 34. Bd1 Nd4 35. Nb6+ Kc6 36. Nxd5 Kxd5 37. Bxd4 Kxd4 38. Bf3 b5 39. Be2 Kc5 40. b3 Bb2 41. a4 Kb4 42. axb5 a5 43. Bd1 Kxb5 44. Ke2 Bd4 45. f4 Kc5 46. Kd3 Bg1 47. Ke4 Kb4 48. g4 Kc3 49. f5 Kd2 50. fxe6 fxe6 51. Bf3 Kc2 52. Ke5 Kxb3 53. Kxe6 g5 54. Kf5 h6 55. h4 gxh4 56. g5 h5 57. Ke4 Kc3 58. Bxh5 a4 59. Kf3 a3 60. Bf7 h3 61. g6 h2 62. Kg2 h1Q+ 63. Kxh1 Bd4 1/2-1/2

[Event "IND-ch U17 34th"]
[Site "Chandigarh"]
[Date "2024.07.18"]
[Round "5"]
[White "Arpith, S Bijoy"]
[Black "Koustuv, Dash"]
[Result "1/2-1/2"]
[WhiteElo "2002"]
[BlackElo "2101"]
[PlyCount "172"]
[EventDate "2024.07.15"]
[EventType "swiss"]
[EventRounds "11"]
[EventCountry "IND"]
[SourceTitle "CBM 221 Extra"]
[Source "ChessBase"]
[SourceDate "2024.09.30"]
[SourceVersion "1"]
[SourceVersionDate "2024.09.30"]
[SourceQuality "1"]

1. d4 d5 2. c4 e6 3. g3 Nf6 4. Bg2 Bb4+ 5. Bd2 Be7 6. Nf3 0-0 7. 0-0 Nbd7 8. Qc2 c6 9. Rd1 b6 10. b3 Ba6 11. a4 Rc8 12. a5 c5 13. axb6 Qxb6 14. Qa2 Bb7 15. b4 cxb4 16. c5 Nxc5 17. dxc5 Bxc5 18. e3 Ra8 19. Qa5 Nd7 20. Bf1 Qxa5 21. Rxa5 Bb6 22. Ra1 a5 23. Be1 Rfc8 24. Bb5 Nc5 25. Nd4 g6 26. Nd2 Kf8 27. N4b3 a4 28. Nxc5 Rxc5 29. Ne4 Rxb5 30. Nd6 Bc6 31. Nxb5 Bxb5 32. Bxb4+ Ke8 33. Rdb1 Bc4 34. Bd6 Ra6 35. Ra3 Kd7 36. Bf8 Kc6 37. Rb4 Bb5 38. Rc3+ Bc4 39. Ra3 Bb5 40. Rc3+ Bc4 41. Ra3 Bb3 42. Bg7 Ra5 43. Rbxb3 axb3 44. Rxb3 Bc7 45. h4 h5 46. Kg2 e5 47. Rb2 Bd6 48. Rc2+ Kd7 49. Rb2 Ra7 50. f4 exf4 51. Bd4 Ra4 52. Rb7+ Ke6 53. Rb6 Ra2+ 54. Kf1 Kd7 55. gxf4 Be7 56. f5 gxf5 57. Rh6 Bxh4 58. Rxh5 Be7 59. Rxf5 Ke6 60. Re5+ Kd6 61. Rf5 f6 62. Rf2 Rxf2+ 63. Kxf2 Ke6 64. Kf3 Kf5 65. Bb2 Bd6 66. Bd4 Be5 67. Bb6 Kg5 68. Bd8 Kf5 69. Bb6 Ke6 70. e4 d4 71. Ke2 Kd6 72. Kd3 Kc6 73. Bxd4 Bxd4 74. Kxd4 Kd6 75. e5+ fxe5+ 76. Ke4 Ke6 77. Ke3 Kd5 78. Kd3 e4+ 79. Ke3 Ke5 80. Ke2 Kd4 81. Kd2 e3+ 82. Ke2 Ke4 83. Ke1 Kd4 84. Ke2 Ke4 85. Ke1 Kf4 86. Ke2 Ke4 1/2-1/2

[Event "IND-ch U17 34th"]
[Site "Chandigarh"]
[Date "2024.07.16"]
[Round "3"]
[White "Avadhoot, Lokesh Bhakti Brahm"]
[Black "Koustuv, Dash"]
[Result "0-1"]
[WhiteElo "1829"]
[BlackElo "2101"]
[PlyCount "81"]
[EventDate "2024.07.15"]
[EventType "swiss"]
[EventRounds "11"]
[EventCountry "IND"]
[SourceTitle "CBM 221 Extra"]
[Source "ChessBase"]
[SourceDate "2024.09.30"]
[SourceVersion "1"]
[SourceVersionDate "2024.09.30"]
[SourceQuality "1"]

1. d4 d5 2. c4 e6 3. Nf3 Nf6 4. g3 Bd6 5. Bg2 0-0 6. 0-0 h6 7. Qc2 b6 8. Nc3 Bb7 9. cxd5 exd5 10. Nb5 Nc6 11. Nxd6 cxd6 12. a3 a5 13. Bd2 Qd7 14. b4 Rfc8 15. Qb2 a4 16. Rfc1 b5 17. e3 Ne7 18. Be1 Bc6 19. Nd2 Re8 20. Rc2 h5 21. Rac1 Rac8 22. Qc3 Bb7 23. Qd3 Rxc2 24. Rxc2 Rc8 25. f3 Rxc2 26. Qxc2 Nc8 27. e4 Nb6 28. Bf2 Nc4 29. Nxc4 bxc4 30. Be3 Qe8 31. Bf4 Qe6 32. Qxa4 dxe4 33. fxe4 Bxe4 34. Bxe4 Qxe4 35. Qd1 h4 36. b5 Nd5 37. Qc1 h3 38. Qd2 c3 39. Qf2 Nxf4 40. gxf4 c2 41. Qf1 0-1

[Event "Pune op 10th"]
[Site "Pune"]
[Date "2024.05.18"]
[Round "2"]
[White "Patil, Omkar U"]
[Black "Koustuv, Dash"]
[Result "0-1"]
[WhiteElo "1667"]
[BlackElo "2135"]
[PlyCount "66"]
[EventDate "2024.05.18"]
[EventType "swiss"]
[EventRounds "9"]
[EventCountry "IND"]
[SourceTitle "CBM 220 Extra"]
[Source "ChessBase"]
[SourceDate "2024.07.31"]
[SourceVersion "1"]
[SourceVersionDate "2024.07.31"]
[SourceQuality "1"]

1. d4 d5 2. c4 e6 3. Nc3 Nf6 4. Bg5 Be7 5. Nf3 0-0 6. e3 Nbd7 7. cxd5 exd5 8. Bd3 c6 9. 0-0 Re8 10. Qc2 Nf8 11. Ne5 N6d7 12. Bf4 Nxe5 13. Bxe5 Bd6 14. Bg3 Bxg3 15. hxg3 g6 16. Rfd1 Ne6 17. Rac1 h5 18. Ne2 Qf6 19. Nf4 Ng5 20. b4 Bd7 21. b5 Kg7 22. bxc6 bxc6 23. Be2 Rh8 24. Qb3 Ne4 25. Bf3 Bg4 26. Qa4 Rac8 27. Kf1 g5 28. Bxg4 hxg4 29. Nd3 Nxg3+ 30. Ke1 Ne4 31. Ke2 Rh2 32. Rg1 Rb8 33. Rcf1 Nc3+ 0-1

[Event "IND-ch 59th"]
[Site "New Delhi"]
[Date "2023.01.03"]
[Round "13"]
[White "Koustuv, Dash"]
[Black "Krishna, C Revanth Gopala"]
[Result "0-1"]
[WhiteElo "1929"]
[BlackElo "2480"]
[PlyCount "66"]
[EventDate "2022.12.22"]
[EventType "swiss"]
[EventRounds "13"]
[EventCountry "IND"]
[SourceTitle "CBM 211 Extra"]
[Source "ChessBase"]
[SourceDate "2023.01.31"]
[SourceVersion "1"]
[SourceVersionDate "2023.01.31"]
[SourceQuality "1"]

1. d4 f5 2. c4 Nf6 3. Nc3 d6 4. g3 g6 5. Bg2 Bg7 6. Nf3 0-0 7. 0-0 Nc6 8. d5 Ne5 9. Nxe5 dxe5 10. e4 f4 11. f3 g5 12. g4 h5 13. h3 Rf7 14. b4 a5 15. Ba3 Bf8 16. c5 Qe8 17. Re1 Rh7 18. Kf2 Bd7 19. bxa5 Rxa5 20. Bb4 Ra6 21. Bf1 hxg4 22. fxg4 Nxg4+ 23. hxg4 Rh2+ 24. Kg1 Rah6 25. Bg2 Qf7 26. c6 bxc6 27. dxc6 Be6 28. Rb1 Qh7 29. Rb2 R6h4 30. Qd8 Rxg2+ 31. Rxg2 Rh1+ 32. Kf2 Qh4+ 33. Ke2 Bc4+ 0-1

[Event "IND-ch 59th"]
[Site "New Delhi"]
[Date "2022.12.28"]
[Round "7"]
[White "Koustuv, Dash"]
[Black "Krishnan, Ritvik"]
[Result "1/2-1/2"]
[WhiteElo "1929"]
[BlackElo "2266"]
[PlyCount "69"]
[EventDate "2022.12.22"]
[EventType "swiss"]
[EventRounds "13"]
[EventCountry "IND"]
[SourceTitle "CBM 211 Extra"]
[Source "ChessBase"]
[SourceDate "2023.01.31"]
[SourceVersion "1"]
[SourceVersionDate "2023.01.31"]
[SourceQuality "1"]

1. d4 Nf6 2. c4 g6 3. Nc3 Bg7 4. e4 d6 5. Nf3 0-0 6. Be2 e5 7. 0-0 Nc6 8. d5 Ne7 9. b4 a5 10. Ba3 axb4 11. Bxb4 b6 12. a4 Re8 13. Re1 Bf8 14. Nd2 c5 15. dxc6 Nxc6 16. Ba3 Nd4 17. Nb3 Nxe2+ 18. Qxe2 Be6 19. Bb4 Qc7 20. Nd5 Nxd5 21. cxd5 Bd7 22. a5 bxa5 23. Nxa5 Qb6 24. Bd2 Reb8 25. Qe3 Qd4 26. Qxd4 exd4 27. Nc6 Rxa1 28. Nxb8 Ra2 29. Nxd7 Rxd2 30. Nxf8 Kxf8 31. Kf1 Ke7 32. Re2 Rd1+ 33. Re1 Rd2 34. Re2 Rd3 35. Ke1 1/2-1/2

[Event "IND-ch 59th"]
[Site "New Delhi"]
[Date "2022.12.25"]
[Round "4"]
[White "Koustuv, Dash"]
[Black "Yuvraj, Singh"]
[Result "1-0"]
[WhiteElo "1929"]
[BlackElo "1516"]
[PlyCount "69"]
[EventDate "2022.12.22"]
[EventType "swiss"]
[EventRounds "13"]
[EventCountry "IND"]
[SourceTitle "CBM 211 Extra"]
[Source "ChessBase"]
[SourceDate "2023.01.31"]
[SourceVersion "1"]
[SourceVersionDate "2023.01.31"]
[SourceQuality "1"]

1. d4 d5 2. c4 c6 3. Nf3 Nf6 4. e3 e6 5. Nc3 Nbd7 6. Be2 Bd6 7. b3 0-0 8. 0-0 Re8 9. Bb2 b6 10. Qc2 Bb7 11. Rad1 Qc7 12. h3 Rad8 13. Rfe1 Qb8 14. a3 e5 15. cxd5 e4 16. dxc6 exf3 17. Bxf3 Bh2+ 18. Kh1 Bc8 19. cxd7 Bxd7 20. e4 g5 21. e5 g4 22. hxg4 Bxg4 23. Ne4 Nxe4 24. Bxg4 Nf6 25. Qf5 Nxg4 26. Qxg4+ Kh8 27. Kxh2 f5 28. Qf3 Re6 29. d5 Rh6+ 30. Kg1 Kg8 31. d6 Qc8 32. e6 Rxe6 33. Qg3+ Rg6 34. Qe5 Qc6 35. Qh8+ 1-0

[Event "IND-ch U15 47th"]
[Site "New Delhi"]
[Date "2022.12.05"]
[Round "10"]
[White "Koustuv, Dash"]
[Black "Alluri, Bhaskara Ratna Shan"]
[Result "1/2-1/2"]
[WhiteElo "1873"]
[BlackElo "1494"]
[PlyCount "150"]
[EventDate "2022.11.28"]
[EventType "swiss"]
[EventRounds "11"]
[EventCountry "IND"]
[SourceTitle "CBM 211 Extra"]
[Source "ChessBase"]
[SourceDate "2023.01.31"]
[SourceVersion "1"]
[SourceVersionDate "2023.01.31"]
[SourceQuality "1"]

1. d4 Nf6 2. c4 c5 3. d5 e6 4. Nc3 exd5 5. cxd5 d6 6. e4 g6 7. Nge2 Bg7 8. Ng3 0-0 9. Be2 a6 10. a4 Nbd7 11. 0-0 Re8 12. f3 Qc7 13. Be3 h5 14. Qd2 Kh7 15. Rfc1 Qd8 16. Rab1 Ne5 17. h3 c4 18. b4 Bd7 19. Nh1 Nd3 20. Bxd3 cxd3 21. Nf2 Rc8 22. Qxd3 Qe7 23. Bd4 h4 24. a5 Nh5 25. Bxg7 Kxg7 26. Qd4+ Kh7 27. Qd2 Qe5 28. Ne2 Bb5 29. Ng4 Qg7 30. Rxc8 Rxc8 31. Rc1 Rxc1+ 32. Nxc1 f5 33. Nf2 Qa1 34. Qg5 Qc3 35. exf5 Qe1+ 36. Kh2 Qe5+ 37. Kg1 Qe1+ 38. Kh2 Qe5+ 39. f4 Qxf4+ 40. Qxf4 Nxf4 41. fxg6+ Kxg6 42. Ne4 Nxd5 43. Nxd6 Nxb4 44. Nxb7 Bc4 45. Nd6 Bd5 46. Ne2 Kf6 47. g4 hxg3+ 48. Kxg3 Ke5 49. Ne8 Nc6 50. Kg4 Be6+ 51. Kg3 Bxh3 52. Kxh3 Nxa5 53. Nc7 Nc6 54. Nxa6 Kd5 55. Kg3 Kc4 56. Kf2 Kb5 57. Nc7+ Kb6 58. Ne6 Ne5 59. Ke3 Kc6 60. Ke4 Kd6 61. N6d4 Nc6 62. Nf5+ Ke6 63. Nf4+ Kf6 64. Ne3 Nb4 65. Nc4 Nc6 66. Kd5 Kf5 67. Nd3 Ne7+ 68. Kd6 Ke4 69. Nc5+ Kd4 70. Nb6 Nf5+ 71. Kc6 Ne7+ 72. Kb5 Nd5 73. Nba4 Nc3+ 74. Ka5 Nxa4 75. Ka6 Nxc5+ 1/2-1/2

[Event "Visakhapatnam Vizag op"]
[Site "Visakhapatnam"]
[Date "2022.06.11"]
[Round "2"]
[White "Audi, Ameya"]
[Black "Koustuv, Dash"]
[Result "1/2-1/2"]
[WhiteElo "2395"]
[BlackElo "1860"]
[PlyCount "117"]
[EventDate "2022.06.10"]
[EventType "swiss"]
[EventRounds "10"]
[EventCountry "IND"]
[SourceTitle "CBM 208 Extra"]
[Source "ChessBase"]
[SourceDate "2022.07.31"]
[SourceVersion "1"]
[SourceVersionDate "2022.07.31"]
[SourceQuality "1"]

1. e4 c6 2. Nf3 d5 3. Nc3 dxe4 4. Nxe4 Nf6 5. Qe2 Nxe4 6. Qxe4 Qd5 7. Qh4 Qe6+ 8. Be2 Qg4 9. Qg3 Qxg3 10. hxg3 Bg4 11. d4 Nd7 12. c3 e6 13. Bf4 Be7 14. Ne5 Bxe2 15. Kxe2 h6 16. g4 Nxe5 17. Bxe5 Rg8 18. Rh5 Rd8 19. Rah1 Bd6 20. f4 Ke7 21. R1h3 Bxe5 22. Rxe5 Rd5 23. Rhe3 Rgd8 24. Rh5 c5 25. Rxd5 Rxd5 26. dxc5 Rxc5 27. Rd3 h5 28. gxh5 Rxh5 29. Kf3 g5 30. fxg5 Rxg5 31. c4 Rf5+ 32. Ke3 Re5+ 33. Kd2 Rc5 34. Kc3 b5 35. b3 bxc4 36. bxc4 e5 37. Kb4 Rc7 38. c5 f5 39. Rd5 Ke6 40. Rd6+ Ke7 41. Kc4 e4 42. g4 fxg4 43. Rd4 g3 44. Rxe4+ Kf8 45. Re1 g2 46. Kd5 Rg7 47. Rg1 Rg6 48. Ke4 Ke7 49. Kf3 Kd7 50. Rxg2 Rxg2 51. Kxg2 Kc6 52. Kf3 Kxc5 53. Ke2 Kb4 54. Kd3 Ka3 55. Kc4 a6 56. Kc5 a5 57. Kb5 a4 58. Ka5 Kxa2 59. Kxa4 1/2-1/2

[Event "IND-ch U14"]
[Site "Ahmedabad"]
[Date "2022.05.12"]
[Round "8"]
[White "Koustuv, Dash"]
[Black "Bharadia, Yash"]
[Result "1-0"]
[WhiteElo "1910"]
[BlackElo "1924"]
[PlyCount "109"]
[EventDate "2022.05.09"]
[EventType "swiss"]
[EventRounds "11"]
[EventCountry "IND"]
[SourceTitle "CBM 208 Extra"]
[Source "ChessBase"]
[SourceDate "2022.07.31"]
[SourceVersion "1"]
[SourceVersionDate "2022.07.31"]
[SourceQuality "1"]

1. d4 Nf6 2. c4 e6 3. Nf3 b6 4. g3 Bb7 5. Bg2 Bb4+ 6. Bd2 Bxd2+ 7. Qxd2 0-0 8. Nc3 d5 9. Ne5 Nbd7 10. 0-0 a6 11. Rfd1 Qe7 12. Rac1 Rfd8 13. Qg5 h6 14. Qh4 Qf8 15. Qf4 Rac8 16. Nxd7 Rxd7 17. cxd5 exd5 18. Bh3 Rd6 19. Bxc8 Qxc8 20. Nb1 Qd7 21. Nd2 c6 22. Nf3 Ne4 23. Ne5 Qe8 24. Nd3 Re6 25. Qc7 Bc8 26. Ne5 c5 27. dxc5 Re7 28. Qb8 b5 29. Rxd5 Nf6 30. Rcd1 Nxd5 31. Rxd5 f6 32. Qb6 Kh7 33. Rd8 Qh5 34. Rxc8 Qxe2 35. Rh8+ Kxh8 36. Ng6+ Kh7 37. Nxe7 Qe1+ 38. Kg2 Qe4+ 39. Kh3 Qxe7 40. Qc6 Qe2 41. Kg2 Qxb2 42. Qe4+ Kh8 43. c6 Qc3 44. Qe8+ Kh7 45. Qd7 Qc2 46. c7 Qe4+ 47. Kh3 f5 48. c8Q Qg4+ 49. Kg2 Qe4+ 50. Kf1 Qb1+ 51. Ke2 Qe4+ 52. Kd2 Qb4+ 53. Qc3 Qb1 54. Qc2 Qb4+ 55. Qc3 1-0

[Event "IND-ch U14"]
[Site "Ahmedabad"]
[Date "2022.05.10"]
[Round "4"]
[White "Snehil, Raj Singh"]
[Black "Koustuv, Dash"]
[Result "0-1"]
[WhiteElo "1545"]
[BlackElo "1910"]
[PlyCount "100"]
[EventDate "2022.05.09"]
[EventType "swiss"]
[EventRounds "11"]
[EventCountry "IND"]
[SourceTitle "CBM 208 Extra"]
[Source "ChessBase"]
[SourceDate "2022.07.31"]
[SourceVersion "1"]
[SourceVersionDate "2022.07.31"]
[SourceQuality "1"]

1. e4 c6 2. d4 d5 3. Nc3 dxe4 4. Nxe4 Nf6 5. Nxf6+ exf6 6. c3 Bd6 7. Bd3 0-0 8. Ne2 Re8 9. 0-0 Na6 10. Qc2 h5 11. b4 h4 12. h3 Nc7 13. Bd2 Nd5 14. Rfe1 Be6 15. Bh7+ Kh8 16. Bf5 g6 17. Bxe6 Rxe6 18. Nc1 Rxe1+ 19. Bxe1 Bc7 20. Qd2 Qd6 21. g3 Kg7 22. c4 Ne7 23. Ne2 hxg3 24. fxg3 Qe6 25. Kh2 Rh8 26. Ng1 Qxc4 27. Rc1 Qe6 28. Bf2 Nf5 29. b5 Nh4 30. d5 Qd7 31. bxc6 bxc6 32. Qc3 Qxd5 33. Qxc6 Qd2 34. Rc2 Bxg3+ 35. Kxg3 Qg5+ 36. Kh2 Rc8 37. Bxh4 Qe5+ 38. Bg3 Rxc6 39. Rf2 Qe4 40. Nf3 Rc2 41. Kg2 Rxf2+ 42. Bxf2 Qa4 43. Bd4 Qxa2+ 44. Kg3 a5 45. h4 Qd5 46. Ba1 a4 47. Ng5 Qd3+ 48. Nf3 a3 49. Kg2 a2 50. Kg3 Qb1 0-1

[Event "IND-ch U13 33rd"]
[Site "Visakhapatnam"]
[Date "2019.05.11"]
[Round "10"]
[White "Koustuv, Dash"]
[Black "Md, Imran"]
[Result "0-1"]
[WhiteElo "1591"]
[BlackElo "1622"]
[PlyCount "146"]
[EventDate "2019.05.04"]
[EventType "swiss"]
[EventRounds "11"]
[EventCountry "IND"]
[SourceTitle "CBM 190 Extra"]
[Source "ChessBase"]
[SourceDate "2019.07.15"]
[SourceVersion "1"]
[SourceVersionDate "2019.07.15"]
[SourceQuality "1"]

1. d4 d5 2. c4 c6 3. Nf3 Nf6 4. Nc3 e6 5. e3 Nbd7 6. Bd3 dxc4 7. Bxc4 b5 8. Bd3 Bd6 9. 0-0 0-0 10. Qc2 Bb7 11. a3 a6 12. b4 a5 13. Rb1 axb4 14. axb4 Qe7 15. e4 e5 16. Ne2 Ra4 17. Ng3 g6 18. dxe5 Nxe5 19. Nxe5 Bxe5 20. Bd2 Rfa8 21. Bc3 Ra2 22. Rb2 Rxb2 23. Qxb2 Nd7 24. f4 Bxc3 25. Qxc3 Rc8 26. Rd1 c5 27. Bxb5 cxb4 28. Qd4 Nf6 29. e5 Nd5 30. Rb1 Qc5 31. Qxc5 Rxc5 32. Ba4 Rc4 33. f5 Nc3 34. Rc1 Rc5 35. Bb3 Rxe5 36. f6 Bd5 37. Bxd5 Rxd5 38. Kf1 h5 39. Ne2 Rf5+ 40. Ke1 Nxe2 41. Kxe2 Rxf6 42. Rc8+ Kg7 43. Rb8 Rf4 44. g3 Rc4 45. Kd3 Rc3+ 46. Kd2 Rb3 47. Rb6 Rb2+ 48. Ke3 Rxh2 49. Rxb4 g5 50. Kf3 h4 51. g4 Rc2 52. Rb5 Kg6 53. Rb6+ f6 54. Rb4 Rc3+ 55. Kg2 Rc6 56. Rb5 Rc4 57. Kh3 Rc3+ 58. Kh2 Rf3 59. Rb7 Rf4 60. Kh3 Rf3+ 61. Kh2 f5 62. Rb6+ Kf7 63. Rb7+ Ke6 64. Rb6+ Kd5 65. Rg6 Rf2+ 66. Kh1 Ke4 67. Rxg5 f4 68. Ra5 Kf3 69. g5 Kg3 70. Ra1 f3 71. Kg1 h3 72. g6 Rg2+ 73. Kf1 h2 0-1